000 00763cam a2200241 4500
008 090401t1996 xxu||||| |||| 00| 0 eng d
020 _a0101332920
035 _a(Sirsi) u59415
041 _aeng
050 _a346.41022
_c18
110 _aEngland and Wales
_bLaw Commission
_93302
245 _aPrivity of contract
_bcontracts for the benefit of third parties
260 _aLondon
_bHMSO
_c1996
300 _avii, 194p.
_c30cm.
350 _a18.20
490 _aCm
_v3329
490 _aLaw Commission Report
_v242
690 _aMANAGEMENT-DISPUTE AVOIDANCE, MANAGEMENT AND RESOLUTION
700 _aArden, M.
_xChairman
856 _uhttps://www.lawcom.gov.uk/190.htm#lcr242
_zView the report at www.lawcom.gov.uk...
942 _n0
948 _c04/03/1997
999 _c94147
_d94147